Expressions synonymes de "Ça fait longtemps" - Statistiques

Statistiques générales
  • Ce quiz a été pris 49 fois
  • Le résultat moyen est 2 sur 10
Statistiques - réponses
Expressions pour dire "ça fait longtemps" % Correct
Ça date
73%
Ça fait un bail
71%
Ça remonte
29%
Ça fait une paye
20%
Ça fait des lustres
13%
Ça fait un moment
13%
Ça fait belle lurette
11%
Ça fait une éternité
11%
Ça fait des siècles
0%
Ça remonte au déluge
0%
Aucun quiz correspondant
Distribution des résultats
% des personnes avec chaque résultat
Percentile par nombre de réponses
Votre historique - résultats
Vous n’avez pas pris ce quiz